THE PHARMACOLOGICAL BASIC OF THERAPEUTICS (Record no. 7451)

MARC details
000 -LEADER
fixed length control field 00519nam a22001817a 4500
005 - DATE AND TIME OF LATEST TRANSACTION
control field 20240110122942.0
008 - FIXED-LENGTH DATA ELEMENTS--GENERAL INFORMATION
fixed length control field 210218b ||||| |||| 00| 0 eng d
020 ## - INTERNATIONAL STANDARD BOOK NUMBER
ISBN 978-1-05-958473-2
041 ## - LANGUAGE CODE
Language code of text/sound track or separate title eng
082 ## - DEWEY DECIMAL CLASSIFICATION NUMBER
Classification number 615.7
100 ## - MAIN ENTRY--AUTHOR NAME
Personal name BRUNTON, LAURENCE L. , HILAL-DANDAN, RANDA AND KNOLLMANN , BJORNB C.
245 ## - TITLE STATEMENT
Title THE PHARMACOLOGICAL BASIC OF THERAPEUTICS
250 ## - EDITION STATEMENT
Edition statement 13TH ED. , 2018
260 ## - PUBLICATION, DISTRIBUTION, ETC. (IMPRINT)
Place of publication NEW YORK
Name of publisher McGRAW HILL EDUCATION
300 ## - PHYSICAL DESCRIPTION
Number of Pages 1419,p
650 ## - SUBJECT ADDED ENTRY--TOPICAL TERM
Topical Term PHARMACY
General subdivision B.PHARMA
942 ## - ADDED ENTRY ELEMENTS (KOHA)
Koha item type Books
Holdings
Lost status Damaged status Collection code Home library Current library Shelving location Date acquired Source of acquisition Cost, normal purchase price Full call number Accession Number Koha item type
    Reference JRU Library JRU Library SHELF -11-B 18/02/2021 PURCHES / LBI - 1710 / 11-2-21 125.00 615.7 25510 Books